[Event "Open Semana Santa 2023"]
[Site "?"]
[Date "2023.04.09"]
[Round "7.93"]
[White "Sivanandan, Bodhana"]
[Black "Atienza Alvarez, Javier"]
[Result "0-1"]
[WhiteElo "1746"]
[BlackElo "2089"]
[PlyCount "54"]

1. e4 e6 2. d4 d5 3. Nd2 c5 4. exd5 Qxd5 5. Ngf3 cxd4 6. Bc4 Qd7 7. O-O Nc6 8.
Nb3 a6 9. Nbxd4 Nxd4 10. Nxd4 Qc7 11. Be2 Bd6 12. h3 Ne7 13. Bf3 O-O 14. Be3 e5
15. Nb3 f5 16. Bd5+ Kh8 17. c4 f4 18. Bd2 Nxd5 19. cxd5 f3 20. Rc1 Qe7 21. Rc3
e4 22. gxf3 Bxh3 23. Re1 e3 24. Bxe3 Qe5 25. f4 Qe4 26. f3 Qg6+ 27. Kh2 Qg2#
0-1

[Event "Open Semana Santa 2023"]
[Site "?"]
[Date "2023.04.09"]
[Round "7.94"]
[White "Kyriakidis, Orestis"]
[Black "Castro Quijano, Eduardo"]
[Result "0-1"]
[WhiteElo "1727"]
[BlackElo "2083"]
[PlyCount "64"]

1. d4 c5 2. d5 Nf6 3. Nc3 e6 4. e4 exd5 5. exd5 d6 6. g3 g6 7. Bg2 Bg7 8. Nge2
O-O 9. O-O Re8 10. Re1 Na6 11. h3 Nc7 12. a4 b6 13. Be3 Bb7 14. Bd2 a6 15. Bg5
Qd7 16. Bxf6 Bxf6 17. Ne4 Bxb2 18. Rb1 Be5 19. f4 Bg7 20. Rxb6 Bxd5 21. Rxd6
Qxa4 22. Rxd5 Nxd5 23. Qxd5 Rad8 24. Nd6 Re6 25. Qc6 Qxc6 26. Bxc6 Rdxd6 27.
Ba4 Bc3 28. Nxc3 Rxe1+ 29. Kf2 Ra1 30. Bb3 c4 31. Ne4 cxb3 32. Nxd6 bxc2 0-1

[Event "Open Semana Santa 2023"]
[Site "?"]
[Date "2023.04.09"]
[Round "7.95"]
[White "WIM Varela La Madrid, Tilsia Carolin"]
[Black "Abreu Sanchez, Leonel Jesus"]
[Result "1/2-1/2"]
[WhiteElo "2078"]
[BlackElo "1667"]
[PlyCount "59"]

1. e4 c5 2. Nf3 d6 3. c3 Nf6 4. Bd3 Nc6 5. h3 e5 6. Bc2 d5 7. d3 Be7 8. Qe2 Qc7
9. Na3 dxe4 10. dxe4 a6 11. Nc4 O-O 12. Bg5 h6 13. Bxf6 Bxf6 14. O-O Be6 15.
Ne3 Rad8 16. Nd5 Bxd5 17. exd5 Ne7 18. c4 Nc8 19. Nh2 g6 20. Ng4 Bg7 21. Rad1
Rfe8 22. Qe3 h5 23. Nh6+ Kh7 24. Nf5 gxf5 25. Bxf5+ Kg8 26. Qg5 Nd6 27. Bd3 e4
28. Be2 Re5 29. Qc1 Qe7 30. b4 1/2-1/2

[Event "Open Semana Santa 2023"]
[Site "?"]
[Date "2023.04.09"]
[Round "7.96"]
[White "Mendez Gimenez, Nestor Emmanuel"]
[Black "Robledo Sanchez, Carlos"]
[Result "0-1"]
[WhiteElo "1657"]
[BlackElo "2077"]
[PlyCount "58"]

1. e4 c5 2. Nf3 d6 3. d4 cxd4 4. Nxd4 Nf6 5. Nc3 Nc6 6. Bg5 e6 7. Qd2 a6 8.
O-O-O Bd7 9. f3 Be7 10. Kb1 Qc7 11. g4 Nxd4 12. Qxd4 Rc8 13. Qd2 b5 14. Ne2
Nxe4 15. fxe4 Bxg5 16. Qxd6 Qxc2+ 17. Ka1 Bc6 18. Nc3 Bc1 19. Qa3 Bd2 20. Bh3
Bxc3 21. bxc3 Bb7 22. Rc1 Qxe4 23. Rhd1 Qc4 24. Rd4 Qc5 25. Qxc5 Rxc5 26. Bf1
O-O 27. c4 Bd5 28. Kb2 bxc4 29. Bxc4 Rfc8 0-1

[Event "Open Semana Santa 2023"]
[Site "?"]
[Date "2023.04.09"]
[Round "7.97"]
[White "FM Hernandez Leon, Alberto"]
[Black "Yug Amit Sonigara"]
[Result "1-0"]
[WhiteElo "2218"]
[BlackElo "1230"]
[PlyCount "99"]

1. d4 d5 2. c4 e6 3. Nf3 Nf6 4. g3 Be7 5. Bg2 O-O 6. O-O dxc4 7. Qc2 c5 8. Rd1
Qb6 9. Na3 cxd4 10. Nxc4 Qc7 11. Bf4 Qc5 12. Nxd4 Nc6 13. Nxc6 bxc6 14. Rac1
Nd5 15. Be5 Ba6 16. a3 f6 17. Bd4 Qxc4 18. Qxc4 Bxc4 19. Rxc4 e5 20. Rxc6 Rfd8
21. Bc5 Nb6 22. Rxd8+ Bxd8 23. b3 Rb8 24. a4 Rc8 25. Bd5+ Kh8 26. a5 Rxc6 27.
Bxc6 Nc8 28. Bd7 Ne7 29. a6 Nd5 30. Bxa7 Bb6 31. Bxb6 Nxb6 32. a7 Kg8 33. Bc6
Kf7 34. a8=Q Nxa8 35. Bxa8 Ke7 36. Bd5 Kd6 37. e4 f5 38. f3 g5 39. Kf2 f4 40.
g4 Kc5 41. Ke2 Kd4 42. Kd2 h6 43. Bf7 Kc5 44. Kc3 Kb5 45. Be8+ Kc5 46. b4+ Kb6
47. Kc4 Kc7 48. Kd5 Kb6 49. Kxe5 Kc7 50. Kf6 1-0

[Event "Open Semana Santa 2023"]
[Site "?"]
[Date "2023.04.09"]
[Round "7.98"]
[White "FM Garcia Gimenez, Santiago"]
[Black "Silva Pena, Angel David"]
[Result "1/2-1/2"]
[WhiteElo "2210"]
[BlackElo "1879"]
[Annotator "Usuario"]
[PlyCount "77"]

1. e4 c5 2. Nf3 e6 3. d4 cxd4 4. Nxd4 Nc6 5. Nc3 Qc7 6. g3 a6 7. Bg2 Nf6 8. O-O
Nxd4 9. Qxd4 Bc5 10. Bf4 d6 11. Qd2 h6 12. Na4 e5 13. Nxc5 dxc5 14. Be3 O-O 15.
f3 Rd8 16. Qc3 b6 17. a4 Nd7 18. Rfd1 Bb7 19. Bh3 a5 20. Rd2 Nf8 21. Rad1 Rxd2
22. Qxd2 Bc6 23. b3 Ng6 24. Qd6 Qxd6 25. Rxd6 Ne7 26. Kf2 Kf8 27. Ke2 Ke8 28.
Kd3 Rd8 29. Rxd8+ Kxd8 30. f4 f6 31. fxe5 fxe5 32. Bg2 Nf5 33. Bf2 Nd4 34. g4
Ke7 35. h4 g5 36. Be3 Kf6 37. hxg5+ hxg5 38. Bxd4 cxd4 39. c3 $11 1/2-1/2

[Event "Open Semana Santa 2023"]
[Site "?"]
[Date "2023.04.09"]
[Round "7.99"]
[White "FM Eizaguerri Floris, Maria"]
[Black "Demerson Joly, Javier"]
[Result "1/2-1/2"]
[WhiteElo "2161"]
[BlackElo "1863"]
[PlyCount "115"]

1. e4 e5 2. Nf3 Nf6 3. Nxe5 d6 4. Nf3 Nxe4 5. Nc3 Nxc3 6. dxc3 Be7 7. Bd3 O-O
8. h4 h6 9. Be3 Nd7 10. Qd2 Nc5 11. O-O-O Nxd3+ 12. cxd3 Re8 13. Rdg1 Bg4 14.
Nh2 Qd7 15. Kb1 Bf8 16. Nxg4 Qxg4 17. Rh3 Re6 18. f3 Qg6 19. h5 Qh7 20. g4 Rae8
21. f4 f6 22. c4 a6 23. a4 a5 24. f5 R6e7 25. Re1 b6 26. Bf2 Kh8 27. Rhe3 Qg8
28. Rxe7 Rxe7 29. Rxe7 Bxe7 30. Qe2 Qf7 31. Qe4 Kg8 32. Kc2 Kf8 33. Qc6 Bd8 34.
Qa8 Qe8 35. Kd2 Ke7 36. b3 Kf8 37. Qc8 Ke7 38. Kc3 Qd7 39. Qa8 c6 40. d4 d5 41.
c5 bxc5 42. dxc5 Qc7 43. Qa6 Qe5+ 44. Kc2 Qe4+ 45. Qd3 Qxg4 46. Bg3 Kd7 47. Kb2
Bc7 48. Bxc7 Kxc7 49. Ka2 Qxh5 50. Qg3+ Kc8 51. Qxg7 Qxf5 52. Qf8+ Kb7 53. Qe7+
Ka6 54. Qe2+ Ka7 55. Qe7+ Ka6 56. Qe2+ Ka7 57. Qd2 Ka6 58. Qe2+ 1/2-1/2

[Event "Open Semana Santa 2023"]
[Site "?"]
[Date "2023.04.09"]
[Round "7.102"]
[White "Gonzalez Lopez, Lucas I"]
[Black "Bevia Martinez, Luis"]
[Result "1/2-1/2"]
[WhiteElo "1862"]
[BlackElo "2111"]
[PlyCount "115"]

1. d4 f5 2. c4 Nf6 3. Nc3 e6 4. Qc2 Bb4 5. e3 b6 6. Bd3 Bb7 7. f3 c5 8. a3 cxd4
9. axb4 dxc3 10. Qxc3 O-O 11. Ne2 Qc7 12. O-O Nc6 13. Nd4 a6 14. Bd2 g6 15.
Rfc1 e5 16. Nxc6 Bxc6 17. b5 Bb7 18. bxa6 Rxa6 19. Rxa6 Bxa6 20. Qb3 Qc5 21.
Bf1 Rf7 22. Ra1 Bb7 23. Bb4 Qc7 24. Ra7 d5 25. cxd5 Bxd5 26. Rxc7 Bxb3 27. Bd6
Rxc7 28. Bxc7 Nd7 29. Bb5 Be6 30. Kf2 Kf7 31. Ke2 e4 32. f4 Ke7 33. Kd2 Bd5 34.
Kc3 Bb7 35. Kd4 h5 36. g3 Bc8 37. b4 Bb7 38. Bc4 Bc6 39. b5 Bb7 40. h3 Ke8 41.
Bd5 Bc8 42. Bc6 Ke7 43. Bd5 Ke8 44. Ba8 Ke7 45. Kd5 Nf6+ 46. Kc6 Be6 47. Kxb6
Nd5+ 48. Bxd5 Bxd5 49. Kc5 Ba8 50. b6 Kd7 51. Kc4 Bb7 52. Kd4 Ke6 53. Kc5 Kd7
54. Kd4 Ke6 55. Be5 Ba8 56. Kc5 Kd7 57. b7 Bxb7 58. Kb6 1/2-1/2

[Event "Open Semana Santa 2023"]
[Site "?"]
[Date "2023.04.09"]
[Round "7.103"]
[White "Perez Epinin, Gines"]
[Black "Bas Mas, Miguel"]
[Result "1-0"]
[WhiteElo "1861"]
[BlackElo "2107"]
[PlyCount "77"]

1. d4 f5 2. Nc3 Nf6 3. Bg5 d5 4. e3 Be6 5. Nf3 Nbd7 6. Bd3 Ne4 7. Bxe4 fxe4 8.
Nd2 h6 9. Bh4 g5 10. Bg3 a6 11. f3 exf3 12. Nxf3 Bg7 13. Qe2 O-O 14. O-O Rc8
15. e4 dxe4 16. Qxe4 Bc4 17. Rfe1 b5 18. Qxe7 c5 19. Rad1 Qxe7 20. Rxe7 cxd4
21. b3 Bf7 22. Ne2 g4 23. Nfxd4 Nf6 24. Nf5 Rxc2 25. Nxg7 Kxg7 26. Nd4 Rxa2 27.
Ne6+ Kg8 28. Nxf8 Kxf8 29. Ra7 Bd5 30. Bf2 Kg8 31. Rc1 Ne8 32. Re7 Bf7 33. Rc8
Ra1+ 34. Re1 Rxe1+ 35. Bxe1 Kg7 36. b4 Nd6 37. Bc3+ Kh7 38. Rc7 Kg8 39. Rc6 1-0

[Event "Open Semana Santa 2023"]
[Site "?"]
[Date "2023.04.09"]
[Round "7.104"]
[White "Cayon Pelaez, Pablo"]
[Black "Jimenez Carrazoni, Javier"]
[Result "1-0"]
[WhiteElo "2079"]
[BlackElo "1848"]
[Annotator "Usuario"]
[PlyCount "103"]

1. d4 Nf6 2. c4 c5 3. d5 b5 4. cxb5 a6 5. e3 Bb7 6. Nc3 e6 7. e4 exd5 8. exd5
d6 9. a4 Be7 10. Nf3 O-O 11. Be2 Nbd7 12. bxa6 Bxa6 13. Bxa6 Rxa6 14. Qd3 Qa8
15. O-O Nb6 16. Rd1 Ra5 17. Nd2 Qa6 18. Qxa6 Rxa6 19. Nde4 Nxe4 20. Nxe4 Rxa4
21. Rxa4 Nxa4 22. b3 Nb6 23. Bf4 $11 Rd8 24. Rd3 f5 25. Nc3 Rb8 26. g3 Nd7 27.
Nd1 g5 28. Bd2 Ne5 29. Rc3 Bf6 30. Kg2 Rb4 31. Ne3 f4 32. Nf5 Re4 33. gxf4 Nf7
34. Re3 Rxe3 35. fxe3 Kf8 $11 36. Kf3 gxf4 37. exf4 Ke8 38. Ng3 Nh6 39. Ke4 Kd7
40. h3 Bd8 41. Nf5 Ng8 42. Bc3 Bf6 43. Nh6 Bxc3 44. Nxg8 Bg7 45. Kf5 Kc7 46.
Nf6 Kb6 47. Ne8 Bf8 48. Ke6 Kb5 49. Nxd6+ Kb4 50. Ne4 Kxb3 51. d6 Bxd6 52. Nxd6
1-0

[Event "Open Semana Santa 2023"]
[Site "?"]
[Date "2023.04.09"]
[Round "7.105"]
[White "WFM Guillo Longares, Cecilia"]
[Black "Stromhaug, Kristoffer Wang"]
[Result "1-0"]
[WhiteElo "2078"]
[BlackElo "1842"]
[PlyCount "59"]

1. d4 Nf6 2. c4 e6 3. Nf3 Bb4+ 4. Bd2 Qe7 5. g3 O-O 6. Bg2 Bxd2+ 7. Qxd2 Ne4 8.
Qc2 Qb4+ 9. Nfd2 Nxd2 10. Nxd2 Nc6 11. e3 Qe7 12. O-O d6 13. a3 a5 14. Rac1 e5
15. d5 Nb8 16. c5 Na6 17. cxd6 cxd6 18. Nc4 Qd8 19. Qa4 Nc5 20. Qd1 b5 21. Nxe5
Qf6 22. b4 axb4 23. axb4 Qxe5 24. bxc5 dxc5 25. Rxc5 Rb8 26. Qb3 Bd7 27. Rfc1
Ra8 28. d6 Qxd6 29. Bxa8 Rxa8 30. Qd5 1-0

[Event "Open Semana Santa 2023"]
[Site "?"]
[Date "2023.04.09"]
[Round "7.106"]
[White "Rodriguez Garcia, Miguel"]
[Black "CM Bazilius, Augustinas"]
[Result "0-1"]
[WhiteElo "1857"]
[BlackElo "2073"]
[PlyCount "60"]

1. Nf3 c5 2. g3 Nf6 3. Bg2 Nc6 4. d4 cxd4 5. Nxd4 e5 6. Nf3 d5 7. O-O Be7 8. b3
O-O 9. Bb2 Qc7 10. Qc1 Bc5 11. e3 Bg4 12. c4 Bxf3 13. Bxf3 d4 14. Bxc6 Qxc6 15.
exd4 exd4 16. Qf4 Rfe8 17. Nd2 Ne4 18. Rfe1 Bd6 19. Qxe4 Rxe4 20. Rxe4 Bc5 21.
Rae1 d3 22. Rg4 f6 23. a3 Re8 24. Rge4 Rxe4 25. Rxe4 Qb6 26. Rf4 Qa5 27. b4
Bxb4 28. axb4 Qxb4 29. Bxf6 Qxd2 30. Bd4 Qxf4 0-1

[Event "Open Semana Santa 2023"]
[Site "?"]
[Date "2023.04.09"]
[Round "7.107"]
[White "Justiniano Marquez, Marco Antoni"]
[Black "Martino Girones, Gonzalo"]
[Result "1-0"]
[WhiteElo "2068"]
[BlackElo "1827"]
[PlyCount "137"]

1. Nf3 d5 2. c4 c6 3. b3 Nf6 4. Bb2 Bf5 5. d3 e6 6. g3 h6 7. Bg2 Nbd7 8. O-O
Be7 9. Nbd2 O-O 10. a3 a5 11. Ra2 Bh7 12. Qa1 b5 13. Ne5 Nxe5 14. Bxe5 Qb6 15.
Rc2 Rac8 16. Rfc1 Bc5 17. Bxf6 Bxf2+ 18. Kh1 gxf6 19. Qxf6 Be3 20. cxd5 Bxd2
21. Rxd2 cxd5 22. Rdc2 Rxc2 23. Rxc2 Qe3 24. Qf4 Qxf4 25. gxf4 b4 26. a4 Bf5
27. Kg1 Ra8 28. Kf2 Ra7 29. Ke3 Kf8 30. Bf3 Ke7 31. Kd4 Kd6 32. e4 dxe4 33.
dxe4 Bg6 34. Rc5 f6 35. e5+ fxe5+ 36. fxe5+ Ke7 37. Be2 Rd7+ 38. Ke3 Ra7 39.
Bc4 Bf5 40. Rc8 Rd7 41. Rh8 Rd1 42. Rxh6 Re1+ 43. Kd4 Re4+ 44. Kc5 Rxe5+ 45.
Kb6 Be4 46. Rxe6+ Rxe6+ 47. Bxe6 Kxe6 48. Kxa5 Kd5 49. Kxb4 Kc6 50. Ka5 Kb7 51.
h4 Bf3 52. b4 Be2 53. b5 Bf3 54. Kb4 Be2 55. Kc5 Bh5 56. a5 Be8 57. b6 Bh5 58.
a6+ Kc8 59. Kc6 Bf3+ 60. Kb5 Kb8 61. Kc5 Be2 62. a7+ Kb7 63. Kd6 Bf3 64. a8=Q+
Kxa8 65. Kc7 Bb7 66. h5 Bc8 67. h6 Bb7 68. h7 Bc8 69. b7+ 1-0

[Event "Open Semana Santa 2023"]
[Site "?"]
[Date "2023.04.09"]
[Round "7.108"]
[White "Padilla Lozano, Francisco Manuel"]
[Black "Moreno Alcaraz, Jose Javier"]
[Result "0-1"]
[WhiteElo "1855"]
[BlackElo "2060"]
[PlyCount "98"]

1. d4 Nf6 2. Bf4 g6 3. Nc3 c5 4. d5 d6 5. e4 Bg7 6. Qd2 Qb6 7. Rb1 h6 8. h3 Qb4
9. a3 Qa5 10. Be2 Nbd7 11. Be3 a6 12. f4 O-O 13. Bf3 Nb6 14. Be2 Nbd7 15. Bf3
b5 16. Nge2 Rb8 17. O-O b4 18. Nd1 Qc7 19. axb4 Rxb4 20. Nf2 a5 21. c3 Rb8 22.
f5 Kh7 23. Ng4 Nxg4 24. Bxg4 Ne5 25. fxg6+ fxg6 26. Rxf8 Bxf8 27. Bxc8 Qxc8 28.
Nf4 Nc4 29. Qf2 Nxe3 30. Qxe3 Bg7 31. Ne6 Bf6 32. Qd2 Qb7 33. Ra1 Qxb2 34. Qxb2
Rxb2 35. Rxa5 Bxc3 36. Ra8 Bd4+ 37. Kh2 Be5+ 38. Kg1 c4 39. Rf8 g5 40. Rf1 c3
41. Rc1 Re2 42. Kf1 Rxe4 43. Kf2 Kg6 44. Kf3 Rc4 45. Ke3 Bf4+ 46. Nxf4+ gxf4+
47. Kd3 Rc5 48. Ke4 Kg5 49. h4+ Kg4 0-1

[Event "Open Semana Santa 2023"]
[Site "?"]
[Date "2023.04.09"]
[Round "7.109"]
[White "WFM Jimenez Fernandez, Rebeca"]
[Black "Santamaria Baeza, Adolfo"]
[Result "1-0"]
[WhiteElo "2053"]
[BlackElo "1815"]
[PlyCount "59"]

1. e4 e5 2. Nf3 Nc6 3. Bb5 Qf6 4. Nc3 Nge7 5. O-O a6 6. Bxc6 bxc6 7. d4 exd4 8.
Nxd4 Ng6 9. f4 Bc5 10. e5 Qe7 11. Kh1 Bxd4 12. Qxd4 O-O 13. Bd2 d5 14. Na4 a5
15. Bc3 Bf5 16. Nc5 Qh4 17. Nd3 Be4 18. Rae1 Qg4 19. Rxe4 dxe4 20. Qxe4 Nh4 21.
h3 Qh5 22. g4 Qh6 23. f5 Rfe8 24. Kh2 Rad8 25. Qe1 g5 26. Qe3 f6 27. e6 Qf8 28.
Nc5 Rd5 29. Ne4 Re5 30. Bxe5 1-0

[Event "Open Semana Santa 2023"]
[Site "?"]
[Date "2023.04.09"]
[Round "7.110"]
[White "Navarro Martinez, Victor"]
[Black "Lopez Herrero, Israel"]
[Result "1-0"]
[WhiteElo "2051"]
[BlackElo "1814"]
[PlyCount "71"]

1. e4 c5 2. Nf3 e6 3. c4 Nc6 4. Nc3 Nd4 5. d3 d6 6. Nxd4 cxd4 7. Ne2 e5 8. g3
Be7 9. Bg2 b5 10. b3 b4 11. a3 bxa3 12. b4 Bb7 13. Qa4+ Qd7 14. Qxd7+ Kxd7 15.
Bd2 f5 16. Bh3 g6 17. O-O Kc7 18. exf5 g5 19. Rxa3 h5 20. Rfa1 Bf3 21. Nc1 Kb7
22. Nb3 h4 23. Bg2 Bxg2 24. Kxg2 hxg3 25. hxg3 Nh6 26. Ra6 Nxf5 27. b5 Bd8 28.
c5 dxc5 29. Nxc5+ Kb8 30. Nd7+ Kb7 31. Nxe5 Re8 32. Nc4 g4 33. Bf4 Re2 34. b6
Be7 35. Rxa7+ Rxa7 36. bxa7 1-0

[Event "Open Semana Santa 2023"]
[Site "?"]
[Date "2023.04.09"]
[Round "7.111"]
[White "FM Van Hoolandt, Patrick"]
[Black "Lacamara Pasamar, Miguel"]
[Result "0-1"]
[WhiteElo "2046"]
[BlackElo "1807"]
[PlyCount "66"]
[EventDate "2023.??.??"]

1. d4 Nf6 2. c4 e6 3. Nf3 Bb4+ 4. Bd2 a5 5. g3 d6 6. Bg2 Nbd7 7. O-O e5 8. Nc3
O-O 9. Qc2 Re8 10. Rad1 exd4 11. Nxd4 Ne5 12. Nd5 Nxd5 13. cxd5 Bc5 14. Bc3 h5
15. Nb3 Bb6 16. Bd4 a4 17. Nc1 Bd7 18. e3 Bb5 19. Rfe1 Ba5 20. Bc3 Bxc3 21.
Qxc3 h4 22. Qb4 hxg3 23. hxg3 Ba6 24. f4 Ng4 25. e4 Qf6 26. Bf3 Qg6 27. Kg2 Qh5
28. Bxg4 Qxg4 29. Qc3 Rxe4 30. Rxe4 Qxd1 31. Rd4 Qf1+ 32. Kh2 Re8 33. g4 Qf2+
0-1

[Event "Open Semana Santa 2023"]
[Site "?"]
[Date "2023.04.09"]
[Round "7.112"]
[White "Perez Garcia, Jimena"]
[Black "Cebrian Flores, Juan Antonio"]
[Result "1/2-1/2"]
[WhiteElo "1852"]
[BlackElo "2045"]
[Annotator "Usuario"]
[PlyCount "63"]

1. d4 Nf6 2. c4 d6 3. Nc3 e5 4. d5 a5 5. e4 Na6 6. Be2 Nc5 7. Bf3 c6 8. Be3
Nfd7 9. Qc2 Be7 10. Rd1 O-O 11. Nge2 Qb6 12. Nc1 Qc7 13. O-O g6 14. Qd2 f5 15.
exf5 gxf5 16. Bh6 Rd8 17. dxc6 bxc6 18. Nd5 cxd5 19. Qxd5+ Kh8 20. Qf7 Bf8 21.
Bg5 e4 22. Bf6+ Nxf6 23. Qxc7 Rd7 24. Qc6 Bb7 25. Qb6 Be7 26. Be2 Bd8 27. Qb5
Ba6 28. Qc6 Bb7 29. Qb5 Ba6 30. Qc6 Bb7 31. Qb5 Ba6 32. Qc6 $11 1/2-1/2

[Event "Open Semana Santa 2023"]
[Site "?"]
[Date "2023.05.09"]
[Round "7.113"]
[White "Martinez Ramos, Paula"]
[Black "Hernandez Gonzalez, Manuel"]
[Result "1-0"]
[WhiteElo "2042"]
[BlackElo "1800"]
[PlyCount "101"]

1. Nf3 Nf6 2. d4 g6 3. c4 Bg7 4. Nc3 O-O 5. e4 d6 6. Be2 e5 7. O-O Nc6 8. d5
Ne7 9. Ne1 Nd7 10. Be3 f5 11. f3 f4 12. Bf2 g5 13. Rc1 Ng6 14. c5 dxc5 15. b4
Qe7 16. bxc5 Nxc5 17. Nb5 b6 18. Bxc5 bxc5 19. Qc2 a6 20. Na3 Rf7 21. Qxc5
Qxc5+ 22. Rxc5 Bf8 23. Rc3 Kg7 24. Nd3 Rb8 25. Rfc1 Bd7 26. Nc5 Bb5 27. Ne6+
Kf6 28. Nxb5 axb5 29. Nxf8 Nxf8 30. Rc6+ Kg7 31. Rxc7 Rb7 32. Rxb7 Rxb7 33. Rb1
b4 34. Bc4 Kf6 35. a3 Ke7 36. axb4 Kd6 37. Ba6 Rb6 38. Bc8 Rb8 39. Bf5 h6 40.
Kf2 Nd7 41. Bxd7 Kxd7 42. Ke2 Ra8 43. Rb2 Kc7 44. Kd3 Kb6 45. Kc4 Rc8+ 46. Kb3
Rc1 47. Rd2 Rc7 48. d6 Rd7 49. Kc4 Kc6 50. b5+ Kb6 51. Kd5 1-0

[Event "Open Semana Santa 2023"]
[Site "?"]
[Date "2023.04.09"]
[Round "7.114"]
[White "Lopez Martinez, Jaime"]
[Black "Gonzalvez Tamarit, Ruben"]
[Result "0-1"]
[WhiteElo "1808"]
[BlackElo "2028"]
[Annotator "Usuario"]
[PlyCount "90"]

1. e4 e5 2. Nf3 Nc6 3. Bb5 a6 4. Ba4 Nf6 5. O-O Be7 6. Re1 b5 7. Bb3 d6 8. c3
O-O 9. d4 Bg4 10. Be3 Bh5 11. h3 Na5 12. Bc2 Nc4 13. Bc1 exd4 14. cxd4 c5 15.
g4 Bg6 16. d5 h5 17. g5 Nd7 18. b3 Nce5 19. Nxe5 dxe5 20. h4 Bd6 21. Nd2 Nb6
22. a4 Qd7 23. Kg2 f5 24. axb5 f4 25. f3 axb5 26. Rxa8 Rxa8 27. Qe2 Nxd5 28.
Nc4 $11 Ra2 29. Nxd6 Qxd6 30. Qd1 Ne3+ 31. Bxe3 Qxd1 32. Rxd1 fxe3 33. Rc1 Bf7
34. Kf1 c4 35. b4 Rb2 36. Ke2 Rxb4 37. Kxe3 Rb2 38. Kd2 b4 39. Rb1 c3+ 40. Kd3
Ba2 41. Ra1 Kf8 42. Ba4 Rd2+ 43. Ke3 b3 44. Bxb3 Bxb3 45. Ra3 Bc4 0-1

[Event "Open Semana Santa 2023"]
[Site "?"]
[Date "2023.04.09"]
[Round "7.115"]
[White "CM Menac Comas, Joan Ramon"]
[Black "Jimenez Carrazoni, Marta Elena"]
[Result "1-0"]
[WhiteElo "2022"]
[BlackElo "1799"]
[PlyCount "83"]

1. Nf3 d5 2. c4 e6 3. g3 Nf6 4. Bg2 Be7 5. O-O O-O 6. b3 b6 7. Bb2 Bb7 8. e3 c5
9. Nc3 Nc6 10. cxd5 Nxd5 11. Nxd5 Qxd5 12. d4 Qf5 13. dxc5 bxc5 14. Qe2 Nb4 15.
Nh4 Bxh4 16. Bxb7 Rab8 17. Bg2 Bf6 18. Bxf6 Qxf6 19. Rac1 Rbc8 20. Rc4 Rfd8 21.
h4 Qe7 22. Be4 Qd6 23. Rfc1 Qa6 24. Qh5 f5 25. Bb1 Qd6 26. g4 g6 27. Qh6 Rf8
28. h5 Rf6 29. g5 Qf8 30. Rxb4 cxb4 31. Rxc8 Qxc8 32. gxf6 Qc1+ 33. Kg2 Qc6+
34. e4 Qb7 35. hxg6 hxg6 36. Qxg6+ Kf8 37. Qg7+ Qxg7+ 38. fxg7+ Kxg7 39. exf5
e5 40. Kf3 Kf6 41. Ke4 a5 42. Bd3 1-0

[Event "Open Semana Santa 2023"]
[Site "?"]
[Date "2023.04.09"]
[Round "7.116"]
[White "Gomar Juan, Miguel"]
[Black "Sanleon Pravisano, Nieves"]
[Result "0-1"]
[WhiteElo "1807"]
[BlackElo "2020"]
[PlyCount "102"]

1. e4 e5 2. Nf3 Nc6 3. Nc3 Nf6 4. Be2 Bc5 5. Nxe5 Nxe5 6. d4 Bb4 7. dxe5 Nxe4
8. Qd4 Nxc3 9. bxc3 Be7 10. O-O O-O 11. Bd3 d5 12. c4 Be6 13. cxd5 Qxd5 14.
Qxd5 Bxd5 15. Be3 Rfd8 16. Rfd1 c5 17. c4 Bc6 18. a4 Rd7 19. Bc2 Rad8 20. f3 f6
21. Rxd7 Rxd7 22. exf6 Bxf6 23. Rd1 Rxd1+ 24. Bxd1 b6 25. Bf4 Kf7 26. Bb3 Ke7
27. Bb8 a6 28. Ba7 Bd4+ 29. Kf1 b5 30. axb5 axb5 31. Ke2 b4 32. Kd3 Ke6 33. Bb8
Be8 34. g3 Bg6+ 35. Kd2 h5 36. h4 Bf5 37. Bf4 g6 38. Be3 Bxe3+ 39. Kxe3 Ke5 40.
Bd1 Bb1 41. Bb3 Kf5 42. Kf2 Ke6 43. Ke2 Kf6 44. Kf2 g5 45. hxg5+ Kxg5 46. Ke3
Kf5 47. Kf2 Ke5 48. Ke3 Bg6 49. Bd1 Bf5 50. f4+ Kf6 51. Bxh5 b3 0-1

[Event "Open Semana Santa 2023"]
[Site "?"]
[Date "2023.04.09"]
[Round "7.117"]
[White "Najarro Garcia, Jose Maria"]
[Black "Roig Squire, Jason"]
[Result "1/2-1/2"]
[WhiteElo "1778"]
[BlackElo "2017"]
[Annotator "Usuario"]
[PlyCount "175"]

1. d4 Nf6 2. Nf3 e6 3. g3 b6 4. Bg2 Bb7 5. O-O c5 6. c4 cxd4 7. Nxd4 Bxg2 8.
Kxg2 Be7 9. Nb5 d6 10. Bf4 e5 11. Bg5 Nc6 12. N1c3 a6 13. Bxf6 gxf6 14. Na3 f5
15. Nd5 O-O 16. f4 e4 17. e3 Ra7 18. Qd2 Bf6 19. Nxf6+ Qxf6 20. Rad1 Rd8 21.
Nb1 Qe6 22. b3 b5 23. cxb5 axb5 24. Rc1 d5 25. Rc2 b4 26. Rfc1 Rd6 27. Qe2 Ra5
28. Nd2 Ne7 29. Nf1 $11 Rda6 30. Qd2 Nc6 31. Rd1 Qe7 32. Rdc1 Qd6 33. Qf2 Ne7
34. Qd2 Qb6 35. Rb2 Qf6 36. Rcc2 Nc6 37. Qc1 Kg7 38. Nd2 Qe6 39. Qa1 Qf6 40.
Rb1 Qxa1 41. Rxa1 Na7 42. Kh3 Nb5 43. Rc5 Nc3 44. Rxa5 Rxa5 45. g4 Rxa2 46.
Rxa2 Nxa2 47. gxf5 Nc3 48. Kg4 Nd1 49. Nf1 Kf6 50. h4 Nf2+ 51. Kg3 Nd3 52. Kg4
Nc1 53. Nd2 Ne2 54. Nf1 d4 55. exd4 Nxd4 56. Ne3 Nxb3 57. Nd5+ Kg7 58. f6+ Kg8
59. Nxb4 Nc5 60. Nd5 Nd3 61. Ne7+ Kf8 62. Nf5 Nb4 63. Ne3 Na6 64. Kg5 Nc5 65.
f5 Nd3 66. Kh6 Kg8 67. h5 Nf2 68. Kg5 Nd3 69. h6 Kf8 70. Nd5 Ke8 71. Nf4 Ne5
72. Ne2 Nd7 73. Nd4 e3 74. Nf3 e2 75. Kf4 Nxf6 76. Ke3 e1=Q+ 77. Nxe1 Ng4+ 78.
Kf4 Nxh6 79. f6 Ng8 80. Ke5 h5 81. Nf3 Nh6 82. Nd4 Ng4+ 83. Kf5 Ne3+ 84. Kf4
Nd5+ 85. Kf5 Ne3+ 86. Kf4 Ng4 87. Kf5 Kf8 88. Nf3 1/2-1/2

[Event "Open Semana Santa 2023"]
[Site "?"]
[Date "2023.04.09"]
[Round "7.118"]
[White "Piddubna, Bozhena"]
[Black "Verbytski, Oleg"]
[Result "1/2-1/2"]
[WhiteElo "2000"]
[BlackElo "1774"]
[PlyCount "98"]

1. d4 Nf6 2. c4 g6 3. Nf3 Bg7 4. g3 d6 5. Bg2 O-O 6. O-O c5 7. Nc3 Nc6 8. dxc5
dxc5 9. Bf4 Qxd1 10. Raxd1 Be6 11. Nd5 Rad8 12. Nxf6+ Bxf6 13. b3 Bf5 14. Be3
b6 15. Nh4 Bxh4 16. Bxc6 Bf6 17. Bh6 Bg7 18. Bxg7 Kxg7 19. Bd5 Rd6 20. e4 Bh3
21. e5 Rdd8 22. Rfe1 Bf5 23. f3 e6 24. g4 exd5 25. gxf5 dxc4 26. f6+ Kh6 27.
bxc4 Kg5 28. Rd5 Rfe8 29. Kf2 Kf5 30. f4 Kxf4 31. e6 fxe6 32. f7 Rf8 33. Rxd8
Rxd8 34. Rxe6 Rf8 35. Re7 a5 36. Rb7 Ke5 37. Kg3 h5 38. h4 Kf5 39. a4 Ke6 40.
Rxb6+ Kxf7 41. Rc6 Rd8 42. Rxc5 Rd3+ 43. Kg2 Rd4 44. Kg3 Rd3+ 45. Kg2 Rd4 46.
Kh3 Rd3+ 47. Kh2 Rd4 48. Kg3 Rd3+ 49. Kg2 Rd4 1/2-1/2

[Event "Open Semana Santa 2023"]
[Site "?"]
[Date "2023.04.09"]
[Round "7.119"]
[White "Garcia Almeida, Aitana Maria"]
[Black "Lorenzo Calvo, Damian Angel"]
[Result "0-1"]
[WhiteElo "1783"]
[BlackElo "1997"]
[PlyCount "148"]

1. c4 c5 2. Nc3 Nc6 3. g3 g6 4. Bg2 Bg7 5. b3 e5 6. Ba3 d6 7. e3 Nge7 8. Nge2
O-O 9. O-O Be6 10. Bb2 d5 11. cxd5 Nxd5 12. Ne4 b6 13. f4 h6 14. a3 f5 15. N4c3
e4 16. Qc2 Qd7 17. Nxd5 Qxd5 18. Bxg7 Kxg7 19. Qb2+ Kh7 20. Nc1 Na5 21. d3 Nxb3
22. Nxb3 Qxb3 23. Qxb3 Bxb3 24. dxe4 fxe4 25. Bxe4 Rae8 26. Bc6 Re6 27. Bb5
Rxe3 28. Rfe1 Rxe1+ 29. Rxe1 Rf7 30. Re3 Bc2 31. h3 Kg7 32. Re2 Bb3 33. Re3 Bd5
34. Re5 Bb3 35. Re3 Bc2 36. Re2 Bf5 37. g4 Bd7 38. Bc4 Rxf4 39. Re7+ Kf6 40.
Rxd7 Rxc4 41. Rxa7 Rc2 42. Rb7 Rb2 43. a4 Rb4 44. Kf2 Kg5 45. Kg3 Rb3+ 46. Kg2
c4 47. Kf2 Kh4 48. Rh7 Kg5 49. Rb7 Kf4 50. Rc7 Rb2+ 51. Ke1 Rb4 52. Rc6 Kg5 53.
h4+ Kxg4 54. Rxg6+ Kh5 55. Rc6 Rxa4 56. Rxb6 Ra3 57. Rc6 Re3+ 58. Kf2 Re4 59.
Rc8 Kxh4 60. Rg8 Rg4 61. Rc8 h5 62. Rc5 Rf4+ 63. Ke3 Rg4 64. Kf2 Rd4 65. Ke3
Rd3+ 66. Ke2 Rc3 67. Kd2 Ra3 68. Rxc4+ Kg3 69. Rc5 h4 70. Rg5+ Kf2 71. Re5 h3
72. Re2+ Kg3 73. Re1 h2 74. Ke2 Ra2+ 0-1